000 02496cam a22006374i 4500
003 PE-LiUPU
005 20250731170447.0
008 150706s2007 mx a rb 000 0 spa d
020 _a9706867783
020 _a9789706867780
035 _a(Sirsi) i9789706867780
040 _aPE-LiUPU
_bspa
_cPE-LiUPU
_dPE-LiUPU
_erda
049 _aPRUA
082 0 4 _a158.7
_bM852007
_221
100 1 _aMuchinsky, Paul M.,
_eautor.
245 1 0 _aPsicología aplicada al trabajo /
_cPaul M. Muchinsky.
250 _a8a edición.
264 1 _aMéxico :
_bLearning,
_c2007
300 _a530 páginas :
_bilustraciones ;
_c25 centímetros
336 _atext
_2rdacontent
337 _aunmediated
_2rdamedia
338 _avolume
_2rdacarrier
504 _aIncluye referencias bibliográficas.
505 0 _aAntecedentes históricos de la psicología industrial y organizacional -- Métodos de investigación en psicología -- Criterios: estándares para la toma de decisiones -- Predictores: evaluaciones psicológicas -- Decisiones de personal -- Aprendizaje organizacional -- Administración del desempeño -- Organizaciones y cambio organizacional -- Equipos y trabajo equipo -- Conducta y actitudes organizacionales -- Salud ocupacional -- Motivación en el trabajo -- Liderazgo -- Relaciones entre el sindicato y la administración.
526 _aSEG68
526 _aSEG70
526 _aSEG69
526 _aSEG67
526 _aSEG43
526 _aP144
526 _aP143
526 _aP131
526 _aP122
526 _aP120
526 _aP117
526 _aP112
526 _aP110
526 _aP106
526 _aP101
526 _aP80
526 _aP59
526 _aP54
526 _aP35
526 _aP33
526 _aP30
541 _g001-0030486;
650 0 4 _aConducta organizacional.
650 0 4 _aPsicología industrial.
_9346
650 0 4 _aTrabajo
_xAspectos psicológicos.
910 _agl
_bjv
_cng
_d20090918
942 _2ddc
_cBOOK
949 _a158.7 M85 2007
_wDEWEY
_c1
_i60430
_d2016-8-22
_e2016-8-22
_lCCODEBUL1
_mBUL
_n6
_p76.00
_r0
_sY
_tBOOK
_u2015-7-6
_xSALUD
_PP33
_0COMPRA
_o.STAFF. Colección General
994 _aC0
_bPEPRU
596 _a1
999 _a158.7 M85 2007
_wDEWEY
_c49884
_i60430
_d49884
_e2018-4-26
_f2021-11-3
_g5
_lCCODEBUL1
_mBUL
_n7
_p76.00
_q7
_r0
_sY
_tBOOK
_u2015-7-6
_xSALUD
_PP33
_0COMPRA
_o.STAFF. Colección Ciencias de la Salud
980 _81
_gALBERTO SANCHEZ Responsable de Automatización